000 01336nam a22003617a 4500
003 CHAP
005 20220329140621.0
008 971013s1989 r 00010 d
010 _a54815
011 _a55787
035 _a59940
040 _cCHAP
090 _aTesis
100 0 0 _aSantana Silvestre, Ramón Emilio.
_9102300
245 _aDeterminación experimental de la formación de soda (Na2C03 y NAHCO3) mediante el camino biológico en espesores subyacentes de tres cuencas endorréicas : Cuitzeo, Texcoco y el Carmen
260 _aMontecillo, Méx. :
_bEl autor,
_c1989
300 _a369 h.
502 _aTesis (M.C. Esp. en Hidrociencias) -- Colegio de Postgraduados. Cehntro de Hidrociencias
590 _aALEPH
_b10
_c20130110
_lUCH01
_h1332
590 _aBATCH-UPD
_b10
_c20130110
_lUCH01
_h1419
590 _aBATCH-UPD
_b10
_c20130410
_lUCH01
_h0902
590 _aBATCH-UPD
_b10
_c20130914
_lUCH01
_h1112
590 _aCONVERSION
_b10
_c20130109
_lUCH01
_h1330
650 1 4 _aCuencas.
_930085
650 1 4 _aSuelos sódicos.
_9110560
650 1 4 _aSuelos
_xFísica de.
_9110373
650 1 4 _aSuelos
_xMejoramiento.
_9110431
650 1 4 _aSuelos
_xQuímica de.
_9110470
901 _aBK
942 _cFOLL
949 _bBC
_cTES
_d-129425
_eTS1
_h21400
_i59940
_si
949 _bBC
_cTES
_d33724000685400
_eTS2
_fc.2
_h21401
_i59940
_sb
999 _c54815
_d54815